Responses for show #4662 - Tuesday, December 7, 2004

Contestants

Shelley Singh, a house painter from Plymouth Meeting, Pennsylvania

Jackie Cipa, a library assistant from Pittsburgh, Pennsylvania

Dennis Grace, an engineer from West Bloomfield, Michigan (whose 1-day cash winnings total $25,000)

Jeopardy! Round responses

BIOLOGY
SITCOM SPIN-OFFS
(Alex: You have to identify the series that each was spun off from.)
IT'S OUR TURN TO SACK ROME!!!
LET'S GET SMALL
AUSTRALIAN BUSINESS
BODY LANGUAGE
    $200 25
the stomach

Jackie
    $200 15
Happy Days

Jackie
    $200 9
(Dennis: Who are the Franks?)

the Gauls

DennisJackie
    $200 1
smallpox

Jackie
    $200 10
biscuit tins

Triple Stumper
    $200 6
arms

Jackie
    $400 26
the epidermis

Jackie
    $400 16
The Andy Griffith Show

Jackie
    $400 20
the Visigoths

Shelley
    $400 2
Monaco

Shelley
    $400 11
(Dennis: What is McDonnell Douglas?)
(Shelley: What is Boeing?)

Qantas

DennisShelley
Triple Stumper
    $400 7
back pay

Shelley
    $600 29
chrysalis (or pupa)

Shelley
    $600 17
All in the Family

Shelley
    $3,800 21
(Shelley: Who are the Huns?)

the Vandals

Shelley
    $600 3
dwarf

Jackie
    $600 12
the Summer Olympics

Jackie
    $600 8
a sea chest

Shelley
    $800 28
photosynthesis

Dennis
    $800 23
Three's Company

Dennis
    $800 22
the Normans

Dennis
    $800 4
a trumpet

Jackie
    $800 18
wine

Shelley
    $800 13
the lip

Triple Stumper
    $1000 27
scurvy

Shelley
    $1000 24
Soap

Dennis
    $1000 30
the Holy Roman Empire

Jackie
    $1000 5
a globule

Triple Stumper
    $1000 19
News Corp.

Shelley
    $1000 14
the heart

Jackie

Scores at the first commercial break (after clue 14):

Dennis Jackie Shelley
-$600 $3,600 $1,000

Scores at the end of the Jeopardy! Round:

Dennis Jackie Shelley
$2,800 $5,800 $1,600

Double Jeopardy! Round responses

KNOW THE SCORE
THE BRITISH ARE COMING!
NEWER FRUITS & VEGETABLES
WHO APPOINTED ME TO THE SUPREME COURT?
PUT OUT THE CHINA
AFTER "AFTER"
    $400 21
the strings

Dennis
    $400 1
Sir Laurence Olivier

Jackie
    $400 24
a cherry

Shelley
    $400 6
(Shelley: Who is George Bush, Sr.?)

Bill Clinton

JackieShelley
    $400 14
Vietnam

Shelley
    $400 9
the afterlife

Jackie
    $800 22
(Dennis: What is allegro?)
(Shelley: What is fortissimo?)

Crescendo

DennisShelley
Triple Stumper
    $800 2
The Who

Shelley
    $800 25
a potato

Triple Stumper
    $800 7
(Shelley: Who is [*], this time.)

George H. W. Bush

Shelley
    $800 15
People's Republic of China

Shelley
    $800 10
the afterimage

Dennis
    $1200 23
a bar

Triple Stumper
    $1200 3
Ben Kingsley

Triple Stumper
    $200 27
(Dennis: )

Grapple

Dennis
    $1200 8
(Jackie: Who is Ronald Reagan?)
(Dennis: Who is Johnson?)
(Alex: Be more specific.)
(Dennis: [*].)

Lyndon Johnson

DennisJackie
    $1200 16
(Shelley: What is a supernova?)

Halley's Comet

Shelley
Triple Stumper
    $1200 11
an afterword

Dennis
    $1600 26
a quarter note

Dennis
    $1600 4
The Rutles

Shelley
    $1600 28
Brocciflower

Jackie
    $2,200 19
Ronald Reagan

Jackie
    $1600 17
(Shelley: What is daoism?)

Confucianism

JackieShelley
    $1600 12
afterglow

Dennis
    $2000 5
(Jackie: Who is Dame Edna?)
...
(Alex: [*] and Dame Edna might be the same person. I'm not sure.)

Eddie Izzard

JackieShelley
    $2000 20
Warren G. Harding

Triple Stumper
    $2000 18
(Jackie: What is Ming dynasty?)

Manchu dynasty

Jackie
Triple Stumper
    $2000 13
after-market product

Jackie

Scores at the end of the Double Jeopardy! Round:

Dennis Jackie Shelley
$8,600 $9,200 $4,400

[wagering suggestions for these scores]

Final Jeopardy! Round responses

PLAYWRIGHTS
ShelleyWho is Ibsen?
$4,201
DennisWho is G. B. Shaw
$8,000
JackieHi!
$500
Henrik Ibsen

Final scores:

Dennis Jackie Shelley
$600 $8,700 $8,601
3rd place: $1,000 New champion: $8,700 2nd place: $2,000

Game dynamics:

Coryat scores:

Dennis Jackie Shelley
$8,800 $8,600 $8,200
10 R,
4 W
(including 1 DD)
19 R
(including 1 DD),
3 W
16 R,
6 W
(including 1 DD)

Combined Coryat: $25,600

The J! Archive is created by fans, for fans. The Jeopardy! game show and all elements thereof, including but not limited to copyright and trademark thereto, are the property of Jeopardy Productions, Inc. and are protected under law. This website is not affiliated with, sponsored by, or operated by Jeopardy Productions, Inc. Join the discussion at JBoard.tv.